00689nam a2200181 4500001000700000003000900007005001700016007000300033008004100036100003100077245018100108260005300289300002600342500003000368700004400398700003300442852003200475138122ES-MaACL20230906195516.0t|070214s1967 sp r ||||1| spa d1 aSánchez Piñol, Daniel.10aManual del impuesto sobre la renta de las personas físicas / cpor Daniel Sánchez Piñol y Francisco García López de Arenosa ; prólogo... Bernardo Revuelta García. aMadrid : b[s. n.], c1967 (fNuevas Gráficas) aXI, 388 p. ; c21 cm. aEn blanco las p. 250-251.1 aGarcía López de Arenosa, Francisco.1 aRevuelta García, Bernardo. aES-MaACLjC-32832 bR.63469